Electronic books for teaching and learning (Record no. 65600)
[ view plain ]
| 000 -LEADER | |
|---|---|
| fixed length control field | 01214nam a2200301Ia 4500 |
| 245 00 - TITLE STATEMENT | |
| Title | Electronic books for teaching and learning |
| 260 ## - PUBLICATION, DISTRIBUTION, ETC. (IMPRINT) | |
| Place of publication | Bradford, England : |
| Name of publisher | Emerald Group Publishing, |
| Year of publication | c2002. |
| 300 ## - PHYSICAL DESCRIPTION | |
| Number of Pages | 46 p. |
| 490 0# - SERIES STATEMENT | |
| Series statement | The electronic library ; |
| 650 #0 - SUBJECT ADDED ENTRY--TOPICAL TERM | |
| Topical Term | Libraries |
| Topical Term | Library science |
| 700 1# - ADDED ENTRY--PERSONAL NAME | |
| Personal name | Aedo, Ignacio. |
| Personal name | Landoni, Monica. |
| 856 40 - ELECTRONIC LOCATION AND ACCESS | |
| Uniform Resource Identifier | http://site.ebrary.com/lib/rucke/Doc?id=10052731 |
No items available.
